000 00691nam a2200205Ia 4500
003 GCL
008 140319s9999 xx 000 0 ara d
040 _aGCL /
_cGCL
082 0 4 _a638.1
_bم ع
100 1 _aمحمد عباس عبداللطيف
245 1 0 _aعالم النحل ومنتجاته: تحليلها واستعمالها وفوائدها الطبية /
_cمحمد عباس عبداللطيف
700 1 _aاحمد محمود ابو النجا
260 _a[S.N] :
_bدار المطبوعات الجديدة
300 _a310 ص
490 _aكتاب
_v0
650 0 4 _aعسل النحل
650 0 4 _aالنحل
650 0 4 _aالنحل- تربية
942 _2ddc
_cBK
999 _c54427
_d54427